000 00650nam a2200277Ia 4500
005 20260324133926.0
008 008 260324s9999 xx 000 0 eng d
020 _a9781315014005
037 _aEBOOK
040 _aCRL
040 _beng
040 _cCRL
041 _2eng
041 _aeng
084 _qCRL
100 _aS. H. Foulkes; G. S. Prince
_91194907
245 0 _aPsychiatry in a Changing Society
260 _bTaylor and Francis
260 _c2002
365 _a
365 _b99.99
856 _uhttp://www.taylorfrancis.com/books/9781315014005
942 _cEBOOK
999 _c1794468
_d1794468